Fast Typing - Multiples of 4 - Statistics

General Stats
  • This quiz has been taken 356 times
  • The average score is 27 of 100
Answer Stats
# % Correct
4
100%
12
97%
8
97%
16
96%
20
95%
24
95%
28
95%
32
94%
36
91%
40
90%
44
89%
48
88%
52
85%
56
84%
60
80%
64
77%
68
76%
72
71%
76
67%
80
66%
84
61%
88
60%
92
57%
96
52%
100
51%
104
45%
108
43%
112
42%
116
38%
120
36%
124
30%
128
29%
132
25%
136
23%
140
20%
144
20%
148
18%
152
16%
156
16%
160
16%
164
15%
168
14%
172
13%
176
12%
180
12%
184
10%
188
10%
192
9%
196
9%
200
8%
204
8%
208
8%
212
8%
216
7%
220
7%
224
6%
228
5%
232
5%
236
4%
240
4%
244
4%
248
4%
252
4%
256
4%
260
3%
264
3%
268
3%
272
3%
276
2%
400
2%
280
1%
284
1%
288
1%
292
1%
296
1%
300
1%
304
1%
308
1%
312
1%
316
1%
320
1%
324
1%
328
1%
332
1%
336
1%
340
1%
344
1%
348
1%
352
1%
356
1%
360
1%
364
1%
368
1%
372
1%
376
1%
380
1%
384
1%
388
1%
392
1%
396
1%
No matching quizzes found
Score Distribution
Percent of People with Each Score
Percentile by Number Answered
Your Score History
You have not taken this quiz